000 00288nam a22001337a 4500
008 170330b xxu||||| |||| 00| 0 eng d
020 _a9781889325095
041 _aeng
080 _a616-053.2
100 _a8
101 _aSHM
245 _aPEDIATRICS
_cWILSON, H.D
942 _2udc
_cBK
999 _c9148
_d9148